000 00519nam a2200181Ia 4500
005 20250326141306.0
008 250326s9999 xx 000 0 und d
037 _aTextbook
040 _aFMSL
_beng
_cFMSL
041 _aeng
_2eng
084 _qFMSL
100 _aMohsen S
_9744093
245 0 _aRole of multinational companies in nations economy : A case study of IRAV
_cMohsen S
260 _aNew Delhi
_bNew Delhi, B.R. pub. corporation
_c1994
300 _a454p
942 _cTB
999 _c1289629
_d1289629